[Event "Regionalliga Sued-West 1819"]
[Site "Bayern"]
[Date "2019.03.24"]
[Round "8.6"]
[White "Loos, Stephan"]
[Black "Wimmer, Martin1111"]
[Result "0-1"]
[WhiteElo "1972"]
[BlackElo "2027"]
[PlyCount "118"]
[EventDate "2018.10.21"]
[EventType "team-tourn"]
[EventRounds "9"]
[EventCountry "GER"]
[SourceTitle "EXT 2022"]
[Source "ChessBase"]
[SourceDate "2021.10.06"]
[SourceVersion "1"]
[SourceVersionDate "2021.10.06"]
[SourceQuality "1"]
[WhiteTeam "Muenchen Bayern III"]
[BlackTeam "Garching III"]
[WhiteTeamCountry "GER"]
[BlackTeamCountry "GER"]

1. d4 Nf6 2. c4 e6 3. Nc3 d5 4. cxd5 exd5 5. Bg5 Be7 6. e3 0-0 7. Bd3 c6 8. Nge2 Nbd7 9. Qc2 Re8 10. 0-0 Nf8 11. f3 Ng6 12. e4 dxe4 13. fxe4 Be6 14. Rf3 Qd7 15. h3 Rad8 16. Raf1 Rf8 17. Be3 Nh4 18. Rf4 Nh5 19. R4f2 Bxh3 20. gxh3 Qxh3 21. Bf4 Nxf4 22. Nxf4 Qg4+ 23. Kh1 Rxd4 24. Qe2 Qd7 25. Bc4 Bd6 26. e5 Bxe5 27. Qxe5 Rxc4 28. Rd1 Qg4 29. Rg1 Nf3 30. Rxg4 Nxe5 31. Rg1 Rd4 32. Rd1 Rxd1+ 33. Nxd1 Rd8 34. Ne3 f6 35. Kg2 Kf7 36. Rc2 Rd4 37. Ne2 Rd3 38. Kf2 g5 39. Rc1 Rd2 40. Rc2 Nd3+ 41. Kg3 Rxc2 42. Nxc2 Nxb2 43. Ncd4 h5 44. Nc3 Nc4 45. Ne4 Ke7 46. Nf5+ Ke6 47. Ng7+ Ke5 48. Nc5 h4+ 49. Kg4 Ne3+ 50. Kf3 Nd5 51. Nxb7 f5 52. Na5 g4+ 53. Kf2 Ne7 54. Nc4+ Kd4 55. Nd6 f4 56. Ndf5+ Nxf5 57. Nxf5+ Ke4 58. Nxh4 c5 59. Ke2 f3+ 0-1

[Event "Regionalliga Sued-West 1819"]
[Site "Bayern"]
[Date "2018.12.16"]
[Round "4.6"]
[White "Loos, Stephan"]
[Black "Guenther, Joerg"]
[Result "0-1"]
[WhiteElo "1972"]
[BlackElo "1931"]
[PlyCount "52"]
[EventDate "2018.10.21"]
[EventType "team-tourn"]
[EventRounds "9"]
[EventCountry "GER"]
[SourceTitle "EXT 2022"]
[Source "ChessBase"]
[SourceDate "2021.10.06"]
[SourceVersion "1"]
[SourceVersionDate "2021.10.06"]
[SourceQuality "1"]
[WhiteTeam "Muenchen Bayern III"]
[BlackTeam "Altstadt Roter Turm"]
[WhiteTeamCountry "GER"]
[BlackTeamCountry "GER"]

1. d4 Nf6 2. c4 g6 3. Nc3 Bg7 4. e4 d6 5. f4 0-0 6. Nf3 Na6 7. Be2 e5 8. 0-0 exd4 9. Nxd4 Re8 10. Bf3 Nc5 11. Re1 a5 12. Rb1 c6 13. Kh1 Ng4 14. Bxg4 Bxg4 15. Qxg4 Bxd4 16. f5 Nd3 17. Rf1 Nf2+ 18. Rxf2 Bxf2 19. fxg6 fxg6 20. Bg5 Qc7 21. h4 Bd4 22. h5 gxh5 23. Qxh5 Qf7 24. Qg4 Qg6 25. Qh4 Bxc3 26. bxc3 Rxe4 0-1

[Event "Regionalliga Sued-West 1718"]
[Site "Bayern"]
[Date "2018.02.04"]
[Round "6.6"]
[White "Loos, Stephan"]
[Black "Suessmann, Peter"]
[Result "1/2-1/2"]
[WhiteElo "2026"]
[BlackElo "1940"]
[PlyCount "48"]
[EventDate "2017.10.22"]
[EventType "team-tourn"]
[EventRounds "9"]
[EventCountry "GER"]
[SourceTitle "EXT 2022"]
[Source "ChessBase"]
[SourceDate "2021.10.06"]
[SourceVersion "1"]
[SourceVersionDate "2021.10.06"]
[SourceQuality "1"]
[WhiteTeam "Muenchen FC Bayern"]
[BlackTeam "Haar"]
[WhiteTeamCountry "GER"]
[BlackTeamCountry "GER"]

1. d4 Nf6 2. c4 e6 3. Nc3 d5 4. cxd5 exd5 5. Bg5 Be7 6. e3 0-0 7. Bd3 Nbd7 8. Qc2 Re8 9. Nge2 Nf8 10. 0-0 c6 11. Rae1 Ne4 12. Bxe7 Qxe7 13. Nf4 Nxc3 14. bxc3 Ng6 15. Nxg6 hxg6 16. e4 dxe4 17. Rxe4 Qd8 18. Rfe1 Rxe4 19. Bxe4 Qg5 20. Qb2 Qe7 21. Kf1 Qc7 22. g3 Bh3+ 23. Bg2 Bxg2+ 24. Kxg2 Rd8 1/2-1/2

[Event "Regionalliga SW 1617"]
[Site "Bayern"]
[Date "2017.02.19"]
[Round "6.6"]
[White "Kalinin, Oleksandr"]
[Black "Loos, Stephan"]
[Result "0-1"]
[WhiteElo "2034"]
[BlackElo "2025"]
[PlyCount "82"]
[EventDate "2016.10.16"]
[EventType "team-tourn"]
[EventRounds "9"]
[EventCountry "GER"]
[SourceTitle "EXT 2019"]
[Source "ChessBase"]
[SourceDate "2018.10.10"]
[SourceVersion "1"]
[SourceVersionDate "2018.10.10"]
[SourceQuality "1"]
[WhiteTeam "Muenchen 36 II"]
[BlackTeam "Bayern Muenchen III"]
[WhiteTeamCountry "GER"]
[BlackTeamCountry "GER"]

1. d4 f5 2. Bg5 g6 3. Nc3 Bg7 4. e3 d6 5. Qd2 Nf6 6. 0-0-0 Nbd7 7. Nf3 a6 8. Bxf6 Nxf6 9. Bc4 b5 10. Bb3 d5 11. Ne5 e6 12. f3 0-0 13. h3 Qd6 14. Nd3 Bd7 15. g4 b4 16. Na4 Bxa4 17. Bxa4 a5 18. Qg2 c6 19. g5 Nd7 20. f4 Nb6 21. Nc5 e5 22. fxe5 Bxe5 23. h4 Bg7 24. h5 Rae8 25. hxg6 hxg6 26. Rh3 Nc4 27. Rd3 Nxb2 28. Kxb2 Qxc5 29. Qh2 Re6 30. Rh7 Qe7 31. Rd1 Qxg5 32. Rh1 Qxe3 33. Rh8+ Kf7 34. Qc7+ Re7 35. Rxf8+ Kxf8 36. Qd8+ Kf7 37. Bxc6 Qxd4+ 38. Kc1 Qa1+ 39. Kd2 Qc3+ 40. Kd1 Qxc6 41. Rh7 Qe6 0-1

[Event "Regionalliga SW 1617"]
[Site "Bayern"]
[Date "2016.12.04"]
[Round "3.8"]
[White "Loos, Stephan"]
[Black "Essler, Richard"]
[Result "1-0"]
[WhiteElo "2025"]
[BlackElo "1844"]
[PlyCount "89"]
[EventDate "2016.10.16"]
[EventType "team-tourn"]
[EventRounds "9"]
[EventCountry "GER"]
[SourceTitle "EXT 2019"]
[Source "ChessBase"]
[SourceDate "2018.10.10"]
[SourceVersion "1"]
[SourceVersionDate "2018.10.10"]
[SourceQuality "1"]
[WhiteTeam "Bayern Muenchen III"]
[BlackTeam "Mering"]
[WhiteTeamCountry "GER"]
[BlackTeamCountry "GER"]

1. d4 d5 2. c4 e6 3. Nc3 Nf6 4. cxd5 exd5 5. Bg5 Be7 6. e3 c6 7. Bd3 Nbd7 8. Nge2 h6 9. Bh4 Nh5 10. Bxe7 Qxe7 11. Qc2 Nb6 12. 0-0 0-0 13. Rae1 Be6 14. Na4 Nxa4 15. Qxa4 Qg5 16. b4 Bh3 17. Ng3 Nxg3 18. hxg3 Bf5 19. Bxf5 Qxf5 20. b5 Rfc8 21. Rc1 Qd7 22. bxc6 Rxc6 23. Rc5 a6 24. Rxc6 Qxc6 25. Qxc6 bxc6 26. Rb1 a5 27. Rb6 Rc8 28. Ra6 c5 29. Rxa5 c4 30. Rb5 Kf8 31. Kf1 Ke7 32. Ke1 Kd6 33. a4 Ra8 34. a5 Kc6 35. Rc5+ Kd6 36. Kd2 Ra7 37. e4 dxe4 38. Kc3 g6 39. g4 Ke6 40. Kxc4 f5 41. gxf5+ gxf5 42. Kb5 Rb7+ 43. Kc6 Rb2 44. d5+ Ke7 45. Kc7 1-0

[Event "Regionalliga SW 1415"]
[Site "Bayern"]
[Date "2015.01.18"]
[Round "5.4"]
[White "Groenegress, Wilfried"]
[Black "Loos, Stephan"]
[Result "1-0"]
[WhiteElo "2039"]
[BlackElo "2025"]
[PlyCount "77"]
[EventDate "2014.10.19"]
[EventType "team-tourn"]
[EventRounds "9"]
[EventCountry "GER"]
[SourceTitle "EXT 2018"]
[Source "ChessBase"]
[SourceDate "2017.10.13"]
[SourceVersion "1"]
[SourceVersionDate "2017.10.13"]
[SourceQuality "1"]
[WhiteTeam "Tuerkheim/Bad Woerishofen"]
[BlackTeam "Bayern Muenchen III"]
[WhiteTeamCountry "GER"]
[BlackTeamCountry "GER"]

1. e4 d5 2. exd5 Qxd5 3. Nc3 Qa5 4. d4 c6 5. Bc4 Bf5 6. Bd2 Nf6 7. Nge2 e6 8. Ng3 Bg6 9. h4 h6 10. Nd5 Qd8 11. Nf4 Be4 12. Nxe4 Nxe4 13. Be3 Bb4+ 14. Kf1 Nd7 15. Bxe6 Ndf6 16. Bb3 Qd7 17. c3 Ba5 18. Qf3 0-0-0 19. Nh5 Bb6 20. Nxf6 Nxf6 21. g3 Rdf8 22. Bc2 Kb8 23. Bf5 Qd8 24. Bf4+ Ka8 25. Be5 Rhg8 26. Rd1 g6 27. Be4 Nxe4 28. Qxe4 f6 29. Bf4 g5 30. hxg5 hxg5 31. Bc1 f5 32. Qf3 Bc7 33. d5 g4 34. Qd3 f4 35. Bxf4 Bxf4 36. gxf4 Rxf4 37. dxc6 Qxd3+ 38. Rxd3 g3 39. Rxg3 1-0

[Event "Regionalliga SW 1415"]
[Site "Bayern"]
[Date "2014.11.23"]
[Round "3.3"]
[White "Loos, Stephan"]
[Black "Romfeld, Michael"]
[Result "0-1"]
[WhiteElo "2025"]
[BlackElo "2085"]
[PlyCount "74"]
[EventDate "2014.10.19"]
[EventType "team-tourn"]
[EventRounds "9"]
[EventCountry "GER"]
[SourceTitle "EXT 2018"]
[Source "ChessBase"]
[SourceDate "2017.10.13"]
[SourceVersion "1"]
[SourceVersionDate "2017.10.13"]
[SourceQuality "1"]
[WhiteTeam "Bayern Muenchen III"]
[BlackTeam "Haunstetten"]
[WhiteTeamCountry "GER"]
[BlackTeamCountry "GER"]

1. d4 Nf6 2. c4 e6 3. Nc3 Bb4 4. Qc2 b6 5. Bg5 h6 6. Bh4 Bb7 7. f3 d5 8. e3 Nbd7 9. cxd5 exd5 10. Bd3 Qe7 11. Bf2 0-0 12. Nge2 c5 13. 0-0 c4 14. Bf5 Rfe8 15. Rae1 g6 16. Bh3 Bc6 17. a3 Bd6 18. Ng3 b5 19. e4 Bxg3 20. Bxg3 dxe4 21. fxe4 Nh5 22. Qf2 Nxg3 23. Qxg3 Nf6 24. d5 Bd7 25. d6 Qd8 26. Rxf6 Qxf6 27. Bxd7 Re5 28. Bxb5 Qxd6 29. Bxc4 Qd4+ 30. Kh1 Rg5 31. Qd3 Qf2 32. Qf1 Rxg2 33. Bxf7+ Kxf7 34. Qxf2+ Rxf2 35. Re2 Rxe2 36. Nxe2 Rd8 37. Nc3 Rd2 0-1

[Event "Regionalliga SW 1213"]
[Site "Bayern"]
[Date "2013.04.14"]
[Round "9.6"]
[White "Epple, Ulrich"]
[Black "Loos, Stephan"]
[Result "1/2-1/2"]
[WhiteElo "2019"]
[BlackElo "1977"]
[PlyCount "45"]
[EventDate "2012.10.14"]
[EventType "team-tourn"]
[EventRounds "9"]
[EventCountry "GER"]
[SourceTitle "EXT 2015"]
[Source "ChessBase"]
[SourceDate "2014.11.20"]
[SourceVersion "1"]
[SourceVersionDate "2014.11.20"]
[SourceQuality "1"]
[WhiteTeam "Tuerkheim/Bad Woerishofen"]
[BlackTeam "Bayern Muenchen III"]
[WhiteTeamCountry "GER"]
[BlackTeamCountry "GER"]

1. e4 g6 2. d4 Bg7 3. Nc3 c6 4. Be2 d5 5. Be3 dxe4 6. Nxe4 Nd7 7. Qd2 Ngf6 8. f3 e5 9. Nd6+ Kf8 10. 0-0-0 Nd5 11. Bh6 Qe7 12. Nxc8 Rxc8 13. Nh3 exd4 14. Bc4 N7b6 15. Bxd5 Nxd5 16. Rhe1 Qb4 17. Qxb4+ Nxb4 18. Bxg7+ Kxg7 19. Rxd4 Nd5 20. c4 Nc7 21. Re7 Rhe8 22. Rxe8 Nxe8 23. Ng5 1/2-1/2

[Event "Regionalliga SW 1213"]
[Site "Bayern"]
[Date "2013.02.24"]
[Round "7.7"]
[White "Loos, Stephan"]
[Black "Wesely, Wolfgang"]
[Result "1/2-1/2"]
[WhiteElo "1977"]
[BlackElo "1910"]
[PlyCount "69"]
[EventDate "2012.10.14"]
[EventType "team-tourn"]
[EventRounds "9"]
[EventCountry "GER"]
[SourceTitle "EXT 2015"]
[Source "ChessBase"]
[SourceDate "2014.11.20"]
[SourceVersion "1"]
[SourceVersionDate "2014.11.20"]
[SourceQuality "1"]
[WhiteTeam "Bayern Muenchen III"]
[BlackTeam "Muenchen RTA"]
[WhiteTeamCountry "GER"]
[BlackTeamCountry "GER"]

1. d4 Nf6 2. c4 g6 3. Nc3 d5 4. Nf3 Bg7 5. cxd5 Nxd5 6. Qb3 Nb6 7. Bf4 Be6 8. Qd1 Nd5 9. Be5 Bxe5 10. Nxe5 Nd7 11. Nd3 Nxc3 12. bxc3 0-0 13. e4 Bc4 14. Qd2 Kg7 15. h4 h5 16. e5 e6 17. Rh3 Bxd3 18. Bxd3 c5 19. Qf4 cxd4 20. cxd4 Qe7 21. Rb1 Nb6 22. g4 Nd5 23. Qf3 Rh8 24. Be4 Rad8 25. g5 b6 26. Rb5 a6 27. Rb3 b5 28. Kf1 Rd7 29. Bxd5 Rxd5 30. Ra3 Ra8 31. Ra5 Qd8 32. Qf6+ Kg8 33. Qxd8+ Rdxd8 34. Rd3 Rd7 35. Ke2 1/2-1/2

[Event "Seebach op 23rd"]
[Site "Grossenseebach"]
[Date "2012.06.09"]
[Round "6"]
[White "Loos, Stephan"]
[Black "Siegl, Melina"]
[Result "1/2-1/2"]
[WhiteElo "2001"]
[BlackElo "1790"]
[PlyCount "35"]
[EventDate "2012.06.07"]
[EventType "swiss"]
[EventRounds "7"]
[EventCountry "GER"]
[SourceTitle "EXT 2013"]
[Source "ChessBase"]
[SourceDate "2012.11.22"]
[SourceVersion "1"]
[SourceVersionDate "2012.11.22"]
[SourceQuality "1"]

1. d4 f5 2. g3 g6 3. Bg2 Bg7 4. Nf3 d6 5. 0-0 Nf6 6. c4 0-0 7. Nc3 c6 8. d5 e5 9. dxe6 Bxe6 10. Bf4 Bxc4 11. Bxd6 Re8 12. Ba3 Na6 13. Qa4 Bd5 14. Nxd5 Nxd5 15. e3 Nac7 16. Rad1 Nb5 17. Rd2 Qb6 18. Nd4 1/2-1/2

[Event "Landesliga Sued 1011"]
[Site "Bayern"]
[Date "2011.02.06"]
[Round "6.8"]
[White "Schoenau, Helmut"]
[Black "Loos, Stephan"]
[Result "1-0"]
[WhiteElo "1934"]
[BlackElo "2051"]
[PlyCount "61"]
[EventDate "2010.10.10"]
[EventType "team-tourn"]
[EventRounds "9"]
[EventCountry "GER"]
[SourceTitle "EXT 2012"]
[Source "ChessBase"]
[SourceDate "2011.11.24"]
[SourceVersion "1"]
[SourceVersionDate "2011.11.24"]
[SourceQuality "1"]
[WhiteTeam "Kriegshaber"]
[BlackTeam "Bayern Muenchen III"]
[WhiteTeamCountry "GER"]
[BlackTeamCountry "GER"]

1. c4 f5 2. b3 Nf6 3. Bb2 g6 4. Bxf6 exf6 5. g3 c6 6. Bg2 Bc5 7. Nc3 0-0 8. e3 Na6 9. Nge2 d6 10. Rc1 Nc7 11. d4 Ba3 12. Rc2 Be6 13. 0-0 Ne8 14. d5 Bd7 15. Nd4 Qc8 16. dxc6 bxc6 17. Qf3 d5 18. cxd5 c5 19. Nc6 Rf7 20. Nb5 Qa6 21. Nxa3 Qxa3 22. d6 Kg7 23. Ne5 fxe5 24. Qxa8 e4 25. Rd1 Nf6 26. Bf1 Be6 27. Qc6 Nd7 28. Qa6 Qxa6 29. Bxa6 g5 30. Bc4 Kf6 31. Bb5 1-0

[Event "Landesliga Sued 1011"]
[Site "Bayern"]
[Date "2010.10.24"]
[Round "2.6"]
[White "Sailer, Wolfgang"]
[Black "Loos, Stephan"]
[Result "1/2-1/2"]
[WhiteElo "2091"]
[BlackElo "2051"]
[PlyCount "149"]
[EventDate "2010.10.10"]
[EventType "team-tourn"]
[EventRounds "9"]
[EventCountry "GER"]
[SourceTitle "EXT 2012"]
[Source "ChessBase"]
[SourceDate "2011.11.24"]
[SourceVersion "1"]
[SourceVersionDate "2011.11.24"]
[SourceQuality "1"]
[WhiteTeam "Ingolstadt"]
[BlackTeam "Bayern Muenchen III"]
[WhiteTeamCountry "GER"]
[BlackTeamCountry "GER"]

1. d4 f5 2. Nc3 Nf6 3. Bg5 d5 4. f3 Nbd7 5. e4 fxe4 6. fxe4 Nxe4 7. Nxe4 dxe4 8. Bc4 Nf6 9. Ne2 Bg4 10. c3 Qd7 11. Qb3 Bxe2 12. Bxe2 0-0-0 13. 0-0 Qd5 14. Bxf6 exf6 15. Bc4 Qc6 16. Rf5 a6 17. Bd5 Qb6 18. Qxb6 cxb6 19. Bxe4 Bd6 20. Rf2 Rde8 21. Re1 Kc7 22. Rfe2 g6 23. Bd5 Rxe2 24. Rxe2 Rd8 25. Bf3 Rd7 26. Re6 f5 27. g3 Re7 28. Rxe7+ Bxe7 29. Kf2 h5 30. Bd5 h4 31. Bf7 hxg3+ 32. hxg3 g5 33. Bg6 f4 34. g4 b5 35. Kf3 b4 36. c4 b6 37. Ke4 Kd6 38. Bf7 Bf6 39. Bd5 Be7 40. Bb7 a5 41. Kf5 Bd8 42. b3 Be7 43. Kg6 Ke6 44. Bd5+ Kd6 45. Be4 Ke6 46. Bf5+ Kd6 47. Kf7 Bd8 48. Be4 Kd7 49. Bb7 Kc7 50. Bg2 Kd7 51. c5 bxc5 52. dxc5 f3 53. Bxf3 Bc7 54. Kf6 Bf4 55. Kf5 Bc1 56. Ke5 Be3 57. Kd5 Kc7 58. Kc4 Bf2 59. Kb5 Be3 60. c6 Bd2 61. Kxa5 Bc3 62. Ka4 Bd2 63. a3 bxa3 64. Kxa3 Be3 65. Kb4 Bb6 66. Kc4 Ba7 67. Kd3 Bb6 68. b4 Ba7 69. b5 Bb6 70. Ke4 Ba7 71. Ke5 Bb6 72. Kf6 Be3 73. Kf5 Bf4 74. Ke6 Be3 75. Ke7 1/2-1/2

[Event "Regionalliga SW 0910"]
[Site "Bayern"]
[Date "2010.02.07"]
[Round "6.5"]
[White "Loos, Stephan"]
[Black "Mitzel, Robert"]
[Result "1/2-1/2"]
[WhiteElo "2051"]
[BlackElo "1901"]
[PlyCount "89"]
[EventDate "2009.10.18"]
[EventType "team-tourn"]
[EventRounds "9"]
[EventCountry "GER"]
[SourceTitle "EXT 2011"]
[Source "ChessBase"]
[SourceDate "2010.11.26"]
[SourceVersion "1"]
[SourceVersionDate "2010.11.26"]
[SourceQuality "1"]
[WhiteTeam "Bayern Muenchen III"]
[BlackTeam "Goeggingen"]
[WhiteTeamCountry "GER"]
[BlackTeamCountry "GER"]

1. d4 Nf6 2. c4 e6 3. Nc3 Bb4 4. Qc2 c5 5. dxc5 Bxc5 6. Bg5 Bxf2+ 7. Kxf2 Ng4+ 8. Ke1 Qxg5 9. Nf3 Qe3 10. Nd1 Qc5 11. Qc3 0-0 12. Rc1 Nc6 13. a3 a5 14. g3 f5 15. Bg2 d6 16. e3 Bd7 17. h3 Nf6 18. Nf2 e5 19. Nd2 a4 20. g4 Rad8 21. gxf5 Bxf5 22. Nfe4 Nxe4 23. Nxe4 Bxe4 24. Bxe4 Rf6 25. Rc2 Rdf8 26. Rg1 Qa5 27. Qxa5 Nxa5 28. Rcg2 g6 29. Bd5+ Kg7 30. h4 Rc8 31. h5 Nxc4 32. Bxb7 Rb8 33. Bc6 Rxb2 34. Rxb2 Nxb2 35. Ke2 Nc4 36. Bxa4 Nxa3 37. Rc1 d5 38. Rc7+ Rf7 39. Rc5 Nc4 40. Rxd5 Rb7 41. hxg6 hxg6 42. Rc5 Rb4 43. Bc2 Na3 44. Bxg6 Kxg6 45. Rxe5 1/2-1/2

[Event "Regionalliga SW 0910"]
[Site "Bayern"]
[Date "2009.11.29"]
[Round "3.7"]
[White "Sakowski, Christian"]
[Black "Loos, Stephan"]
[Result "1/2-1/2"]
[WhiteElo "1815"]
[BlackElo "2051"]
[PlyCount "82"]
[EventDate "2009.10.18"]
[EventType "team-tourn"]
[EventRounds "9"]
[EventCountry "GER"]
[SourceTitle "EXT 2011"]
[Source "ChessBase"]
[SourceDate "2010.11.26"]
[SourceVersion "1"]
[SourceVersionDate "2010.11.26"]
[SourceQuality "1"]
[WhiteTeam "Tuerkheim/Bad Woerishofen"]
[BlackTeam "Bayern Muenchen III"]
[WhiteTeamCountry "GER"]
[BlackTeamCountry "GER"]

1. d4 f5 2. c4 Nf6 3. Nc3 g6 4. Bg5 Bg7 5. e3 0-0 6. Bxf6 Bxf6 7. Nf3 d6 8. g3 c6 9. Bg2 e5 10. 0-0 Qe7 11. Qb3 Na6 12. Rad1 Be6 13. d5 Nc5 14. Qc2 Bf7 15. e4 fxe4 16. Nxe4 Nxe4 17. Qxe4 cxd5 18. cxd5 Rac8 19. Nd2 Qd7 20. Nb3 Qb5 21. Rc1 Bg7 22. Rfd1 Bh6 23. Rxc8 Rxc8 24. Bf1 Qb6 25. Qh4 Bg7 26. Qe4 Bh6 27. Bh3 Rf8 28. Qe1 Kg7 29. Qa5 Be3 30. Qxb6 Bxb6 31. Bg2 Be8 32. Rd2 Bb5 33. Be4 a5 34. Kg2 Rc8 35. Rc2 Rxc2 36. Bxc2 Kf6 37. Be4 Bc4 38. Nc1 a4 39. b3 axb3 40. axb3 Bb5 41. Kf3 Bd4 1/2-1/2

[Event "Landesliga Sued 0809"]
[Site "Bayern"]
[Date "2009.01.18"]
[Round "5.8"]
[White "Loos, Stephan"]
[Black "Klein, Stefan1111"]
[Result "1-0"]
[WhiteElo "2005"]
[BlackElo "1977"]
[PlyCount "73"]
[EventDate "2008.10.05"]
[EventType "team-tourn"]
[EventRounds "9"]
[EventCountry "GER"]
[SourceTitle "EXT 2020"]
[Source "ChessBase"]
[SourceDate "2019.10.17"]
[SourceVersion "1"]
[SourceVersionDate "2019.10.17"]
[SourceQuality "1"]
[WhiteTeam "Bayern Muenchen III"]
[BlackTeam "Sendling"]
[WhiteTeamCountry "GER"]
[BlackTeamCountry "GER"]

1. d4 Nf6 2. c4 e6 3. Nc3 c5 4. d5 exd5 5. cxd5 d6 6. e4 g6 7. f4 Bg7 8. Nf3 0-0 9. Be2 Bg4 10. 0-0 Bxf3 11. Bxf3 Nbd7 12. Be3 a6 13. a4 Qe7 14. Qd3 Rfc8 15. e5 dxe5 16. d6 Qd8 17. Bxb7 Ng4 18. Nd5 Qh4 19. h3 e4 20. Qe2 Nxe3 21. Nxe3 Bd4 22. Bxc8 Rxc8 23. Kh1 Rb8 24. Rab1 Nf6 25. Qe1 Qh6 26. b3 Nh5 27. Nd5 e3 28. Qh4 Qf8 29. Ne7+ Kh8 30. Nc6 Rb6 31. d7 Bf6 32. Qxf6+ Nxf6 33. d8Q Qxd8 34. Nxd8 Kg8 35. Rfe1 Nd5 36. Rbd1 Nxf4 37. Rxe3 1-0

[Event "Landesliga Sued 0708"]
[Site "Bayern"]
[Date "2007.11.04"]
[Round "2.7"]
[White "Loos, Stephan"]
[Black "Giss, Helene"]
[Result "1/2-1/2"]
[WhiteElo "2008"]
[BlackElo "2004"]
[PlyCount "69"]
[EventDate "2007.10.21"]
[EventType "team-tourn"]
[EventRounds "9"]
[EventCountry "GER"]
[SourceTitle "EXT 2009"]
[Source "ChessBase"]
[SourceDate "2008.11.26"]
[SourceVersion "1"]
[SourceVersionDate "2008.11.26"]
[SourceQuality "1"]
[WhiteTeam "Bayern Muenchen III"]
[BlackTeam "Dillingen"]
[WhiteTeamCountry "GER"]
[BlackTeamCountry "GER"]

1. d4 e6 2. c4 Nf6 3. Nc3 d5 4. cxd5 exd5 5. Bg5 Be7 6. e3 c6 7. Bd3 0-0 8. Nge2 Ne4 9. Bxe7 Qxe7 10. Qc2 f5 11. 0-0 Nd7 12. Rae1 Qg5 13. Nf4 Ndf6 14. f3 Nd6 15. Nh3 Qh6 16. Qf2 Bd7 17. Qg3 Nf7 18. Qc7 Rab8 19. Nf2 Rfc8 20. Qa5 Ra8 21. e4 b6 22. Qa3 fxe4 23. fxe4 dxe4 24. Nfxe4 Nxe4 25. Rxe4 Nd6 26. Qb3+ Kh8 27. Re7 Re8 28. Rxe8+ Rxe8 29. Qc2 Qe3+ 30. Qf2 Qxf2+ 31. Kxf2 Rf8+ 32. Ke3 Rxf1 33. Bxf1 Kg8 34. Bd3 h6 35. Kf4 1/2-1/2

[Event "Oberliga Bayern 0607"]
[Site "Bayern"]
[Date "2007.03.18"]
[Round "7.8"]
[White "Loos, Stephan"]
[Black "Cedikova, Katerina"]
[Result "0-1"]
[WhiteElo "2034"]
[BlackElo "2159"]
[PlyCount "72"]
[EventDate "2006.10.15"]
[EventType "team-tourn"]
[EventRounds "9"]
[EventCountry "GER"]
[SourceTitle "EXT 2008"]
[Source "ChessBase"]
[SourceDate "2007.11.25"]
[SourceVersion "1"]
[SourceVersionDate "2007.11.25"]
[SourceQuality "1"]
[WhiteTeam "Bayern Muenchen II"]
[BlackTeam "Koetzting"]
[WhiteTeamCountry "GER"]
[BlackTeamCountry "GER"]

1. d4 Nf6 2. c4 g6 3. Nc3 Bg7 4. e4 d6 5. f4 0-0 6. Nf3 c5 7. d5 e6 8. Be2 exd5 9. cxd5 Re8 10. Nd2 Na6 11. 0-0 Nc7 12. a4 Rb8 13. Bf3 a6 14. a5 b5 15. axb6 Rxb6 16. e5 dxe5 17. fxe5 Nd7 18. d6 Ne6 19. Nd5 Rb8 20. Ne7+ Rxe7 21. dxe7 Qxe7 22. Nc4 Nxe5 23. Bd5 Nxc4 24. Bxc4 Qh4 25. Qf3 Bd4+ 26. Kh1 Qe7 27. Bxa6 Bd7 28. Bc4 Be5 29. Ra7 Rd8 30. Be3 Kg7 31. Qd5 Bd6 32. Bd2 h5 33. Bc3+ Kh7 34. Qf3 f5 35. Re1 Qh4 36. g3 Qxc4 0-1

[Event "Oberliga Bayern 0607"]
[Site "Bayern"]
[Date "2006.10.29"]
[Round "2.8"]
[White "Cherednichenko, Svetlana"]
[Black "Loos, Stephan"]
[Result "1/2-1/2"]
[WhiteElo "2255"]
[BlackElo "2034"]
[PlyCount "84"]
[EventDate "2006.10.15"]
[EventType "team-tourn"]
[EventRounds "9"]
[EventCountry "GER"]
[SourceTitle "EXT 2008"]
[Source "ChessBase"]
[SourceDate "2007.11.25"]
[SourceVersion "1"]
[SourceVersionDate "2007.11.25"]
[SourceQuality "1"]
[WhiteTeam "Krumbach"]
[BlackTeam "Bayern Muenchen II"]
[WhiteTeamCountry "GER"]
[BlackTeamCountry "GER"]

1. d4 f5 2. Nc3 Nf6 3. Bg5 d5 4. Bxf6 exf6 5. e3 Be6 6. Bb5+ c6 7. Bd3 Bd6 8. Qf3 g6 9. h4 h5 10. Nge2 Nd7 11. a3 Nb6 12. Nf4 Bf7 13. b4 Qe7 14. Rb1 a6 15. g3 Nc8 16. Na4 b5 17. Nc5 a5 18. 0-0 Nb6 19. Rbe1 0-0 20. Qg2 Nc4 21. Bxc4 bxc4 22. Ra1 Ra7 23. Rfb1 Rfa8 24. Qf1 Kh7 25. Qd1 axb4 26. axb4 Rxa1 27. Rxa1 Rxa1 28. Qxa1 g5 29. Ng2 f4 30. exf4 gxf4 31. gxf4 Qe2 32. Qa7 Qd1+ 33. Kh2 Kg6 34. Qd7 Bxc5 35. f5+ Kg7 36. dxc5 Qxc2 37. b5 Qxf2 38. bxc6 c3 39. c7 c2 40. c8Q c1Q 41. Qxf7+ Kxf7 42. Qd7+ Kf8 1/2-1/2